Dawlat-e Mughliya Ki Haiyat Markazi : / دولت مغلیہ کی ہیئت مرکزی (Record no. 29547)

MARC details
000 -LEADER
fixed length control field 00548nam a22001817a 4500
003 - CONTROL NUMBER IDENTIFIER
control field BDDh-ASL
005 - DATE AND TIME OF LATEST TRANSACTION
control field 20231015031035.0
008 - FIXED-LENGTH DATA ELEMENTS--GENERAL INFORMATION
fixed length control field 221015s1958 p ||||| |||| 00| 0 urd d
040 ## - CATALOGING SOURCE
Original cataloging agency BDDh-ASL
Transcribing agency BDDh-ASL
041 ## - LANGUAGE CODE
Language code of text/sound track or separate title urd
082 ## - DEWEY DECIMAL CLASSIFICATION NUMBER
Classification number 954
Item number DAW
245 00 - TITLE STATEMENT
Title Dawlat-e Mughliya Ki Haiyat Markazi : / دولت مغلیہ کی ہیئت مرکزی
260 ## - PUBLICATION, DISTRIBUTION, ETC.
Place of publication, distribution, etc. Lahore :
Name of publisher, distributor, etc. Majlis-I Taraqqi-I Adab,
Date of publication, distribution, etc. 1958.
300 ## - PHYSICAL DESCRIPTION
Extent 551 p. :
Dimensions 21 cm.
650 #0 - SUBJECT ADDED ENTRY--TOPICAL TERM
9 (RLIN) 1349
Topical term or geographic name entry element History
General subdivision Mughal Empire
700 1# - ADDED ENTRY--PERSONAL NAME
9 (RLIN) 6702
Personal name Niyazi, Abdul Ghani
942 ## - ADDED ENTRY ELEMENTS (KOHA)
Source of classification or shelving scheme Dewey Decimal Classification
Koha item type Books
Holdings
Withdrawn status Lost status Source of classification or shelving scheme Damaged status Not for loan Collection code Home library Current library Shelving location Date acquired Source of acquisition Serial Enumeration / chronology Total Checkouts Full call number Barcode Date last seen Copy number Price effective from Koha item type Public note
    Dewey Decimal Classification   Not For Loan Non-fiction Asiatic Society Library Asiatic Society Library General Stacks 10/15/2022 ASB Collections U-1106   954 DAW 117766 10/15/2022 C-1 10/15/2022 Books Y-1958

Powered by Koha